| 000 | 01058nam a2200301 4500 | ||
|---|---|---|---|
| 001 | 768714001 | ||
| 003 | CO-MdFUSB | ||
| 005 | 20250519110624.0 | ||
| 008 | 230920t20012004miua||ag |||| 00| 0dspa d | ||
| 020 | _a0825411602 | ||
| 040 |
_aCO-MdFUSB _bspa _cCO-MdFUSB _dCO-MdFUSBC _erda |
||
| 041 | _aspa | ||
| 082 |
_223 _a253.082 _bD387 |
||
| 100 |
_aDemoss, Nancy Leigh, _eautor |
||
| 245 | 1 |
_aMentiras que las mujeres creen y la verdad que las hace libres. _c/ DeMoss Nancy Leigh ; traducido por Nohra Bernal |
|
| 264 | 1 |
_aMichigan, Estados Unidos : _bPortavoz, _c[2004] |
|
| 264 | 4 | _c©2004 | |
| 300 |
_a253 páginas _c; 23 cm. |
||
| 336 |
_2rdacontent _atexto _btxt |
||
| 337 |
_2rdamedia _asin mediación _bn |
||
| 338 |
_2rdacarrier _avolumen _bnc |
||
| 504 | _aIncluye nota de agradecimientos -- preámbulo -- introducción. | ||
| 505 | _aParte I: Fundamentos -- Parte II: Mentiras que las mujeres creen --Parte III: Caminar en la vida. | ||
| 563 | _aRústico. | ||
| 700 |
_aBernal, Nohra, _etraductor _98449 |
||
| 942 | _cBK | ||
| 945 | _aso1564 | ||
| 999 |
_c69014 _d69014 |
||